The Penguin dictionary of mathematics / (Record no. 11462)

000 -LEADER
fixed length control field 00887nam a2200277 a 4500
001 - CONTROL NUMBER
control field 4442383
003 - CONTROL NUMBER IDENTIFIER
control field OSt
005 - DATE AND TIME OF LATEST TRANSACTION
control field 20160709105925.0
008 - FIXED-LENGTH DATA ELEMENTS--GENERAL INFORMATION
fixed length control field 940713s1989 enk d 000 0 eng d
010 ## - LIBRARY OF CONGRESS CONTROL NUMBER
LC control number 94182553
020 ## - INTERNATIONAL STANDARD BOOK NUMBER
International Standard Book Number 0140511199
040 ## - CATALOGING SOURCE
Transcribing agency 0
042 ## - AUTHENTICATION CODE
Authentication code lccopycat
050 00 - LIBRARY OF CONGRESS CALL NUMBER
Classification number QA 5 .P4425 1989
245 04 - TITLE STATEMENT
Title The Penguin dictionary of mathematics /
Statement of responsibility, etc. [edited by] John Daintith and R.D. Nelson.
246 30 - VARYING FORM OF TITLE
Title proper/short title Dictionary of mathematics
260 ## - PUBLICATION, DISTRIBUTION, ETC. (IMPRINT)
Place of publication, distribution, etc. London, England ;
-- New York, NY, USA :
Name of publisher, distributor, etc. Penguin Books,
Date of publication, distribution, etc. 1989.
300 ## - PHYSICAL DESCRIPTION
Extent 350 p. :
Other physical details ill. ;
Dimensions 20 cm.
440 #0 - SERIES STATEMENT/ADDED ENTRY--TITLE
Title Penguin reference books
650 #0 - SUBJECT ADDED ENTRY--TOPICAL TERM
Topical term or geographic name as entry element Mathematics
General subdivision Dictionaries.
653 0# - INDEX TERM--UNCONTROLLED
Uncontrolled term Mathematics
700 1# - ADDED ENTRY--PERSONAL NAME
Personal name Daintith, John.
700 1# - ADDED ENTRY--PERSONAL NAME
Personal name Nelson, R. D.
Fuller form of name (R. David),
Dates associated with a name 1938-
906 ## - LOCAL DATA ELEMENT F, LDF (RLIN)
a 7
b cbc
c copycat
d 2
e ncip
f 19
g y-gencatlg
942 ## - ADDED ENTRY ELEMENTS (KOHA)
Source of classification or shelving scheme
Koha item type Reference Material
Classification part QA 5 .P4425 1989
Holdings
Withdrawn status Lost status Source of classification or shelving scheme Damaged status Not for loan Home library Current library Shelving location Date acquired Source of acquisition Total Checkouts Full call number Barcode Date last seen Price effective from Koha item type
          MACHAKOS UNIVERSITY LIBRARY MACHAKOS UNIVERSITY LIBRARY Reference 09/07/2016 Purchase   QA 5 .P4425 1989 433 04/06/2019 09/07/2016 Reference Material
© Machakos University Library, Along The Highway, Machakos Wote Rd, Machakos, Kenya P.O. Box 136 - 90100 Machakos - Kenya

Tel: ( +254 ) 723 805829 OR Fax : 044-20353 OR Email: library@mksu.ac.ke